Statistics for Countries by First Two Letters with an Empty Map - Hard

Click here to take the quiz!

General Stats

  • This quiz has been taken 709 times
  • The average score is 179 of 196

Answers on the Map

Answers color-coded by a green-red scale on the quiz's map according to % correct below.
 

Answer Stats

country% Correct
Cabo Verde
99%
Cambodia
99%
Cameroon
99%
Canada
99%
Chad
99%
Chile
99%
China
99%
United Arab Emirates
99%
United Kingdom
99%
United States
99%
Argentina
98%
Armenia
98%
Brazil
98%
Brunei
98%
Colombia
98%
Comoros
98%
Congo
98%
Costa Rica
98%
Côte d'Ivoire
98%
Democratic Republic of the Congo
98%
Liberia
98%
Libya
98%
Liechtenstein
98%
Lithuania
98%
Mexico
98%
Moldova
98%
Monaco
98%
Mongolia
98%
Montenegro
98%
Morocco
98%
Mozambique
98%
North Korea
98%
North Macedonia
98%
Norway
98%
Pakistan
98%
Palau
98%
Panama
98%
Papua New Guinea
98%
Paraguay
98%
Russia
98%
Belarus
97%
Belgium
97%
Belize
97%
Benin
97%
Bolivia
97%
Bosnia and Herzegovina
97%
Botswana
97%
Georgia
97%
Germany
97%
Iran
97%
Iraq
97%
Ireland
97%
Nepal
97%
Netherlands
97%
New Zealand
97%
Tunisia
97%
Turkey
97%
Turkmenistan
97%
Tuvalu
97%
Albania
96%
Algeria
96%
Australia
96%
Austria
96%
Fiji
96%
Finland
96%
France
96%
India
96%
Indonesia
96%
Madagascar
96%
Malawi
96%
Malaysia
96%
Maldives
96%
Mali
96%
Malta
96%
Marshall Islands
96%
Mauritania
96%
Mauritius
96%
Nicaragua
96%
Niger
96%
Nigeria
96%
Poland
96%
Portugal
96%
Samoa
96%
San Marino
96%
São Tomé and Príncipe
96%
Saudi Arabia
96%
Solomon Islands
96%
Somalia
96%
South Africa
96%
South Korea
96%
South Sudan
96%
St Kitts and Nevis
96%
St Lucia
96%
St Vincent and the Grenadines
96%
Sweden
96%
Switzerland
96%
Egypt
95%
Guatemala
95%
Guinea
95%
Guinea-Bissau
95%
Guyana
95%
Kazakhstan
95%
Sudan
95%
Suriname
95%
Taiwan
95%
Tajikistan
95%
Tanzania
95%
Jamaica
94%
Japan
94%
Spain
94%
Venezuela
94%
Bahamas
93%
Bahrain
93%
Bangladesh
93%
Barbados
93%
Bulgaria
93%
Burkina Faso
93%
Burundi
93%
Italy
93%
Senegal
93%
Serbia
93%
Seychelles
93%
Andorra
92%
Angola
92%
Antigua and Barbuda
92%
Laos
92%
Latvia
92%
Ukraine
92%
Uruguay
91%
Afghanistan
90%
Lebanon
90%
Lesotho
90%
Namibia
90%
Nauru
90%
Peru
90%
Zambia
90%
Central African Republic
89%
Denmark
89%
Ethiopia
89%
Zimbabwe
89%
Ghana
88%
Greece
88%
Grenada
88%
Honduras
88%
Kyrgyzstan
88%
Romania
88%
Czech Republic
87%
Estonia
87%
Eswatini
87%
Kenya
87%
Slovakia
87%
Slovenia
87%
Togo
87%
Tonga
87%
Yemen
87%
Bhutan
85%
Croatia
85%
Ecuador
85%
Eritrea
85%
Gabon
85%
Gambia
85%
Hungary
85%
Oman
85%
Sierra Leone
85%
Singapore
85%
Uzbekistan
85%
Thailand
84%
Uganda
84%
Iceland
82%
Luxembourg
82%
Cuba
81%
Rwanda
81%
Kosovo
80%
Vietnam
80%
Dominica
79%
Dominican Republic
79%
Myanmar
79%
El Salvador
78%
Jordan
78%
Vanuatu
78%
Vatican City
78%
Haiti
76%
Israel
76%
Kiribati
76%
Azerbaijan
74%
Djibouti
74%
Syria
74%
Sri Lanka
73%
Micronesia
71%
Equatorial Guinea
70%
Philippines
69%
Qatar
69%
Trinidad and Tobago
69%
Cyprus
65%
Timor-Leste
64%
Kuwait
61%

Score Distribution

Percentile by Number Answered

Percent of People with Each Score

Your Score History

You have not taken this quiz